Lengua y literatura 3 : antología literaria /

Guardado en:
Autor Principal: Calero, Silvia
Formato: Libro
Publicado: Buenos Aires : Kapelusz, 2011
Series:Nuevos desafíos. Para pensar
Materias:
Etiquetas: Agregar Etiqueta
Sin Etiquetas, Sea el primero en etiquetar este registro!
LEADER 01822nam a22002295a 4500
001 CEM.cems013755
005 20121001154333.0
008 130507s2011##################000#0#####d
003 CEMS
020 |a 9789501303445 
082 0 4 |a 468 
100 1 |a Calero, Silvia 
245 1 0 |a Lengua y literatura 3 :  |b antología literaria /  |c Silvia Calero y Otros 
260 |a Buenos Aires :  |b Kapelusz,  |c 2011 
300 |a 111 p. 
490 0 |a Nuevos desafíos. Para pensar 
505 0 |a Narrativa: Pequeños propietarios / Roberto Arlt -- Cordero para el sacrificio / Roald Dahl -- La primera flauta / Ema Wolf -- Un niño maligno / Antón Chéjov -- Historia en colores / Chamico -- Laura / Saki -- El colombre / Dino Buzzati -- El brujo postergado / Jorge Luis Borges -- La estatua de sal / Lepoldo Lugones -- Todo el verano en un día / Ray Bradbury -- Lucas, sus hospitales / Julio Cortázar -- ¿La dama o el tigre? / Frank Richard Stockton. Poesía: XLIII / Gustavo Adolfo Bécquer -- El albatros / Charles Baudelaire -- Para leer en forma interrogativa / Julio Cortázar -- Ante el denuedo de la libertad / Velimir Jlébnikov -- Vuelta de paseo / Federico García Lorca -- Seis años llevo con la misma suerte / Enrique Banchs -- Poemas (selección)/ Emily Dickinson -- A mi hermano Miguel / César Vallejo -- Solo silencio / Leopoldo Marechal -- Desayuno / Jaques Prévert -- Árbol de Diana (selección) / Alejandra Pizarnik -- Martín Fierro, Canto I (fragmentos) / José Hernández.Teatro: El canto del cisne / Antón Chéjov 
653 |a Literatura 
653 |a Antología literaria 
859 |a CEMS  |b BIB. CEMS - 11 de abril  |h 468  |i C128-2  |p 26327.12  |t Ej.1  |v III  |3 III 
859 |a CEMS  |b BIB. CEMS - 11 de abril  |h 468  |i C128-2  |p 26328.12  |t Ej.2  |v III  |3 III 
859 |a CEMS  |b BIB. CEMS - 11 de abril  |h 468  |i C128-2  |p 26329.12  |t Ej.3  |v III  |3 III